La herencia:

Wedi'i Gadw mewn:
Manylion Llyfryddiaeth
Prif Awdur: Castañeda, Jorge G., 1953-
Fformat: Anhysbys
Iaith:Spanish
Cyhoeddwyd: México: Aguilar, 1999
Rhifyn:1. edición
Cyfres:Extra Alfaguara
Pynciau:
Tagiau: Ychwanegu Tag
Dim Tagiau, Byddwch y cyntaf i dagio'r cofnod hwn!

MARC

LEADER 000000000a22000000004500
001 000291
008 140610s1999 m ac||f |||| 000 0 spa d
020 |a 9681905733 
082 0 |a 324.630.972   |b G346h 
100 1 |a Castañeda, Jorge G., 1953- 
245 1 0 |a La herencia:   |c arqueología de la sucesión prsidencial en México  |h Jorge G. Castañeda 
250 |a 1. edición 
260 |a México:   |b Aguilar,   |c 1999 
300 |a 558 páginas :   |b ilustraciones, retratos 
490 0 |a Extra Alfaguara 
500 |a Número de inscripción 09806 
650 4 |a PRESIDENTES 
650 4 |a MEXICO  |x SUCESION  |x POLITICA Y GOBIERNO  |z 1970-2000 
942 |2 ddc  |c BK 
999 |c 1107  |d 1107